Statistics for Blink-182 - One More Time Songs

Click here to take the quiz!

General Stats

  • This quiz has been taken 18 times
  • The average score is 13 of 19

Answer Stats

ListensSong% Correct
24,802,354DANCE WITH ME
100%
53,616,318ONE MORE TIME
100%
37,340FUCK FACE
90%
7,058,980TURPENTINE
80%
18,315,638ANTHEM PART 3
70%
8,079,690BLINK WAVE
70%
4,973,360HURT (INTERLUDE)
70%
19,560,126MORE THAN YOU KNOW
70%
2,617,202SEE YOU
70%
65,937TURN THIS OFF!
70%
6,583,599BAD NEWS
60%
3,053,044CUT ME OFF
60%
16,634,869FELL IN LOVE
60%
5,475,703OTHER SIDE
60%
9,312,398TERRIFIED
60%
8,018,081YOU DON'T KNOW WHAT YOU'VE GOT
60%
5,018,935CHILDHOOD
50%
58,639,373EDGING
50%
8,130,751WHEN WE WERE YOUNG
40%

Score Distribution

Percentile by Number Answered

Percent of People with Each Score

Your Score History

You have not taken this quiz